[Event "SAIF POWERTEC 45th BAN Ch 2019"]
[Site "Dhaka"]
[Date "2019.11.06"]
[Round "5.1"]
[White "Murshed, Niaz"]
[Black "Mohammad Fahad, Rahman"]
[Result "1/2-1/2"]
[WhiteElo "2413"]
[BlackElo "2250"]
[Annotator "TA"]
[PlyCount "44"]
[EventDate "2019.11.02"]
[EventType "swiss"]
[EventCountry "BAN"]
[SourceTitle "playchess.com"]
[Source "ChessBase"]
[SourceQuality "1"]

{[%evp 27,44,-6,-14,-22,-25,-52,-16,-12,-18,-20,-6,-7,-13,-12,0,-16,0,0,0]} 1. d4 Nf6 2. c4 e6 3. g3 d5 4. Bg2 Be7 5. Nf3 O-O 6. O-O dxc4 7. Qc2 a6 8. Qxc4 b5 9. Qc2 Bb7 10. Bf4 Nc6 11. Nc3 Nb4 12. Qc1 Rc8 13. Rd1 Nbd5 14. Nxd5 Bxd5 15. Ne5 {E05: Open Catalan: 5 Nf3 Be7} (15. Be3 Ng4 16. Ne1 Bxg2 17. Nxg2 Qd5 18. h3 Nxe3 19. Qxe3 c5 20. Nf4 Qf5 21. dxc5 Bxc5 22. Qd3 Qf6 23. Qd2 Rfd8 {0-1 (50) Carlsen,M (2775)-Anand,V (2798) Mainz 2008}) 15... c5 16. Bxd5 Nxd5 (16... exd5 {feels hotter.} 17. Qb1 c4 18. Qf5 b4 19. f3 Re8) 17. dxc5 {The position is equal.} Bxc5 18. Qd2 Qe7 19. Nd3 Bb6 20. Rac1 h6 21. Be5 $146 ({Predecessor:} 21. Rxc8 Rxc8 22. Rc1 Qd8 23. Rxc8 Qxc8 {½-½ (46) Schmied,A (2018)-Rosenkilde,A (2255) Helsingor 2014}) 21... Qa7 22. Bd6 Rfd8 1/2-1/2

[Event "SAIF POWERTEC 45th BAN Ch 2019"]
[Site "Dhaka"]
[Date "2019.11.06"]
[Round "5.2"]
[White "Mollah Abdullah, Al Rakib"]
[Black "Rahman, Taibur"]
[Result "1/2-1/2"]
[WhiteElo "2462"]
[BlackElo "2196"]
[Annotator "TA"]
[PlyCount "127"]
[EventDate "2019.11.02"]
[EventType "swiss"]
[EventCountry "BAN"]
[SourceTitle "playchess.com"]
[Source "ChessBase"]
[SourceQuality "1"]

{[%evp 13,127,-13,15,24,20,17,14,0,5,-4,0,-13,16,-4,54,48,47,50,51,33,47,47,45,37,50,21,35,34,39,41,39,35,39,33,44,47,47,32,43,10,18,14,12,18,44,36,35,18,18,25,37,20,18,23,44,45,60,60,67,56,52,4,4,4,8,5,4,7,12,18,10,4,5,23,23,0,0,0,0,0,0,0,0,0,0,0,0,0,0,0,0,0,0,0,0,0,0,0,0,0,0,0,0,0,0,0,0,0,0,0,0,0,0,0,0,0]} 1. d4 d5 2. Nf3 c5 3. dxc5 e6 4. e4 Bxc5 5. Bb5+ Nc6 6. exd5 exd5 7. O-O Nge7 8. Nbd2 {D02: 1 d4 d5 2 Nf3 sidelines, including 2...Nf6 3 g3 and 2...Nf6 3 Bf4} O-O 9. Nb3 Bb6 10. c3 Bg4 11. h3 Bh5 12. Bf4 Qc8 $146 ({Predecessor:} 12... Ng6 13. Bg3 f5 14. Be2 f4 15. Bh2 Kh8 {0-1 (47) Thorhallsson,T (2448)-Dimakiling,O (2452) Turin 2006}) 13. Bd3 Bg6 ({Black should play} 13... Ng6 $11 14. Bg3 f5) 14. Re1 $14 Rd8 15. Be3 Bc7 16. Nbd4 Nxd4 17. Bxd4 Nc6 18. Qd2 Qd7 19. Rad1 Re8 20. Rxe8+ Rxe8 21. Bxg6 hxg6 22. Bc5 Rd8 23. Re1 Bd6 24. Bxd6 Qxd6 25. Nd4 Qf6 26. Nxc6 (26. Rd1 {looks sharper.} Nxd4 27. Qxd4 Qxd4 28. Rxd4 b6 29. Kf1) 26... bxc6 {[%mdl 4096] Endgame KQR-KQR} 27. Qe3 d4 28. cxd4 Qxd4 29. Qxd4 Rxd4 $11 {KR-KR} 30. Re2 Kf8 31. Rc2 Rd1+ 32. Kh2 Rd6 33. Kg3 Ke7 34. Rc5 Rd3+ 35. f3 Rd6 36. Ra5 Rd7 37. b4 Kd8 $1 38. Ra6 Rc7 39. Kf4 Kc8 40. Ra5 Re7 41. h4 Kb7 42. a3 Kb6 43. g4 Rd7 44. h5 gxh5 {The position is equal.} 45. gxh5 Rd4+ 46. Ke3 Rh4 47. Rg5 f6 48. Rxg7 {[#] Strongly threatening Rh7.} Rxh5 49. Rg6 Re5+ 50. Kd4 Rd5+ 51. Ke3 Re5+ 52. Kf4 a5 53. Rxf6 Rb5 54. Rf5 axb4 55. Rxb5+ Kxb5 56. axb4 Kxb4 {KP-KP} 57. Ke5 c5 58. f4 c4 59. f5 c3 60. f6 c2 61. f7 c1=Q {[#] ( -> ...Qg5+)} 62. f8=Q+ Qc5+ 63. Qxc5+ Kxc5 64. Ke4 {Accuracy: White = 49%, Black = 62%.} 1/2-1/2

[Event "SAIF POWERTEC 45th BAN Ch 2019"]
[Site "Dhaka"]
[Date "2019.11.06"]
[Round "5.3"]
[White "Abu Sufian, Shakil"]
[Black "Mohammad Minhaz Uddin"]
[Result "1/2-1/2"]
[WhiteElo "2251"]
[BlackElo "2322"]
[Annotator "TA"]
[PlyCount "18"]
[EventDate "2019.11.02"]
[EventType "swiss"]
[EventCountry "BAN"]
[SourceTitle "playchess.com"]
[Source "ChessBase"]
[SourceQuality "1"]

{[%evp 15,18,30,29,26,42]} 1. e4 e5 2. Nf3 Nf6 3. Nxe5 d6 4. Nf3 Nxe4 5. Nc3 Nxc3 6. dxc3 Be7 7. Be3 Nc6 8. Qd2 Be6 9. O-O-O {C42: Petroff Defence: 3 Nxe5 and unusual White 3rd moves} Bf5 $146 ({Don't go for} 9... Bxa2 $2 10. b3 $18) ({Predecessor:} 9... Qd7 10. h4 h6 11. Nd4 Nxd4 12. Bxd4 Rg8 13. c4 c5 14. Bc3 O-O-O 15. Qe3 g5 16. hxg5 hxg5 {½-½ (71) Caruana,F (2819)-So,W (2754) Stavanger 2019}) 1/2-1/2

[Event "SAIF POWERTEC 45th BAN Ch 2019"]
[Site "Dhaka"]
[Date "2019.11.06"]
[Round "5.3"]
[White "Abu Sufian, Shakil"]
[Black "Mohammad Minhaz Uddin"]
[Result "*"]
[WhiteElo "2251"]
[BlackElo "2322"]
[Annotator "TA"]
[PlyCount "32"]
[EventDate "2019.11.02"]
[EventType "swiss"]
[EventCountry "BAN"]
[SourceTitle "playchess.com"]
[Source "ChessBase"]
[SourceQuality "1"]

{[%evp 15,17,29,41,26]} 1. e4 e5 2. Nf3 Nf6 3. Nxe5 d6 4. Nf3 Nxe4 5. Nc3 Nxc3 6. dxc3 Be7 7. Be3 Nc6 8. Qd2 Be6 9. O-O-O {C42: Petroff Defence: 3 Nxe5 and unusual White 3rd moves} {Predecessor:} Qd7 $146 10. h4 h6 11. Nd4 Nxd4 12. Bxd4 Rg8 13. c4 c5 14. Bc3 O-O-O 15. Qe3 g5 16. hxg5 hxg5 {½-½ (71) Caruana,F (2819)-So,W (2754) Stavanger 2019} *

[Event "SAIF POWERTEC 45th BAN Ch 2019"]
[Site "Dhaka"]
[Date "2019.11.06"]
[Round "5.4"]
[White "Mohammed Abdul, Malek"]
[Black "Rahman, Ziaur"]
[Result "0-1"]
[WhiteElo "2168"]
[BlackElo "2471"]
[Annotator "TA"]
[PlyCount "69"]
[EventDate "2019.11.02"]
[EventType "swiss"]
[EventCountry "BAN"]
[SourceTitle "playchess.com"]
[Source "ChessBase"]
[SourceQuality "1"]

{[%evp 12,69,12,-5,6,-7,-23,-25,-23,-15,-8,-4,-11,-8,-15,-35,-43,-43,-6,-132,-124,-120,-116,-118,-119,-125,-119,-161,-131,-133,-134,-137,-112,-158,-150,-165,-144,-172,-178,-219,-227,-259,-261,-286,-289,-365,-355,-706,-697,-686,-706,-719,-697,-681,-710,-718,-707,-754,-727,-791]} 1. e4 c5 2. Nf3 d6 3. Bb5+ Bd7 4. Bxd7+ Nxd7 5. d4 cxd4 6. Qxd4 Ngf6 7. Nc3 g6 {B52: Sicilian: Moscow Variation with 3...Bd7} 8. e5 (8. a4 Bg7 9. a5 O-O 10. O-O Qc7 11. Qb4 Rfc8 12. Be3 Qc4 13. Ra4 Qa6 14. h3 Nc5 15. Ra3 Ncd7 16. Ra4 Nc5 17. Ra3 Ncd7 18. Ra4 Nc5 19. Ra3 {½-½ (19) Stevic,H (2602)-Lalic,B (2438) Sibenik 2016}) 8... dxe5 9. Nxe5 Nxe5 {Black has an edge.} 10. Qxe5 Bg7 11. Qb5+ Qd7 12. Qxd7+ Nxd7 13. Nd5 {Black must now prevent Nc7+.} Rc8 $36 {[%mdl 2048] Black has some pressure.} 14. c3 Rc5 $146 (14... e6 $5 {[%cal Re6d5]} 15. Nb4 a5 $15) ({Predecessor:} 14... e6 15. Nb4 Nb6 16. O-O Nc4 17. Nc2 {½-½ (38) Yashas,D (2119)-Narayanan,S (2370) Mumbai 2009}) 15. Nf4 {[#]} (15. Nb4 $1 $11) 15... Rxc3 $1 $17 {[%mdl 512]} 16. O-O (16. bxc3 Bxc3+) 16... Rc6 17. Be3 Nb6 ({But not} 17... Bxb2 $6 18. Rab1 $11) 18. Rab1 Nc4 19. Bc1 e6 20. b3 Nd6 21. Be3 Nb5 22. a4 Nc3 23. Rbe1 a6 24. Nd3 O-O 25. a5 Rd8 26. Nb2 Rd5 27. Bb6 Rb5 28. Nd3 Rxb3 29. Nc5 $2 (29. Ne5 Bxe5 30. Rxe5) 29... Rbxb6 $19 {[%mdl 64] [#] Remove Defender. Black is clearly winning.} 30. axb6 Rxc5 31. Re3 Rc6 32. Rd3 Bf6 33. g4 Rxb6 34. Re1 Nd5 35. Rdd1 {Accuracy: White = 33%, Black = 70%.} 0-1

[Event "SAIF POWERTEC 45th BAN Ch 2019"]
[Site "Dhaka"]
[Date "2019.11.06"]
[Round "5.5"]
[White "Hossain, Enamul"]
[Black "Reefat, Bin-Sattar"]
[Result "0-1"]
[WhiteElo "2433"]
[BlackElo "2417"]
[Annotator "TA"]
[PlyCount "74"]
[EventDate "2019.11.02"]
[EventType "swiss"]
[EventCountry "BAN"]
[SourceTitle "playchess.com"]
[Source "ChessBase"]
[SourceQuality "1"]

{[%evp 20,74,40,40,40,40,40,45,55,45,43,33,58,33,48,38,230,226,228,228,232,227,221,227,227,218,240,228,276,264,292,267,274,109,211,204,182,0,0,0,0,-88,-70,-370,-358,-337,-322,-321,-212,-215,-219,-1394,-1193,-29996,-29997,-29997,-29998]} 1. e4 e6 2. d4 d5 3. Nc3 Nf6 4. e5 Nfd7 5. f4 c5 6. Nf3 Nc6 7. Be3 Qb6 8. Na4 Qa5+ 9. c3 b6 10. Bd2 c4 11. b4 $1 {[%cal Rb4a5]} Nxb4 {C11: French: Classical System: 4 e5 and 4 Bg5 dxe4} 12. cxb4 Bxb4 {White must now prevent ...b5.} 13. Qc2 {And now Nc3 would win.} Bxd2+ {White is slightly better.} 14. Nxd2 b5 15. Nc3 O-O 16. Be2 b4 17. Nd1 Nb8 $2 {[#]} (17... Qb6 $14) 18. Nxc4 $146 ({Predecessor:} 18. O-O Nc6 19. Nf3 {1-0 (29) Lutz,C (2567)-Braun,C (2342) Germany 2009}) 18... dxc4 19. Bf3 $1 Nc6 20. Bxc6 Rb8 21. Qxc4 Ba6 22. Qc5 Qa3 23. Qc1 $1 ({Weaker is} 23. Qxa7 b3 $11) 23... Qa5 24. Qd2 Rfd8 {and if ...Qb6 works, Black does fine.} 25. Bf3 Rbc8 26. Nf2 $2 (26. Rb1 $18 {and White stays clearly on top.}) 26... Qa4 (26... Qb6 $16 {keeps fighting.} 27. d5 Rc4) 27. Bd1 $1 {[%cal Rd1a4]} Qc6 28. Be2 $2 (28. Rb1 $18) 28... Bxe2 $11 29. Kxe2 {aiming for Rac1.} Qa6+ 30. Ke1 (30. Qd3 $11 {keeps the balance.} Rc2+ 31. Ke1 (31. Ke3 $2 Rc3 $19 {[%mdl 64] Pin})) 30... b3 $1 $17 {...Rc2 is the strong threat.} 31. Nd1 $2 {[%mdl 8192] [#]} (31. Qd1 $1 $15 b2 32. Rb1 Qxa2 33. Nd3) 31... Qb6 $1 $19 32. axb3 {Hoping for Ra4.} Rxd4 33. Qe2 Qb4+ 34. Kf1 {[#]} Re4 $1 {[%cal Re4e2]} 35. Ra4 $2 (35. Ne3 Qxb3 36. Re1) 35... Rxf4+ 36. Kg1 Qb6+ 37. Qe3 Qxe3+ 0-1

[Event "SAIF POWERTEC 45th BAN Ch 2019"]
[Site "Dhaka"]
[Date "2019.11.06"]
[Round "5.6"]
[White "Chatterjee, Debaraj"]
[Black "Mehdi Hasan Parag"]
[Result "1/2-1/2"]
[WhiteElo "2250"]
[BlackElo "2181"]
[Annotator "TA"]
[PlyCount "54"]
[EventDate "2019.11.02"]
[EventType "swiss"]
[EventCountry "BAN"]
[SourceTitle "playchess.com"]
[Source "ChessBase"]
[SourceQuality "1"]

{[%evp 11,54,21,18,25,14,15,11,12,16,0,5,3,1,0,7,0,7,0,10,9,9,0,1,0,0,13,0,3,11,0,0,12,18,15,72,72,94,0,38,0,62,0,43,0,29999]} 1. d4 Nf6 2. c4 e6 3. g3 d5 4. Nf3 dxc4 5. Bg2 Bb4+ 6. Bd2 a5 7. Qc2 {E04: Open Catalan: 5 Nf3} (7. O-O O-O 8. Qc2 Bxd2 9. Nbxd2 b5 10. a4 c6 11. b3 cxb3 12. Nxb3 b4 13. e4 Nbd7 14. h4 h6 15. e5 {½-½ (93) Abasov,N (2632)-Piorun,K (2660) Khanty-Mansiysk 2019}) 7... Bxd2+ 8. Qxd2 c6 9. a4 Ne4 10. Qf4 Qb6 11. O-O Qxb2 {[%mdl 64] [#] Double Attack} 12. Ne5 O-O $1 13. Na3 $1 Nc3 {[%mdl 64] Double Attack} 14. Qe3 $1 Nxe2+ 15. Kh1 $146 Nc3 $1 16. Naxc4 Qb4 17. Rfc1 Nd5 18. Bxd5 $1 exd5 ({Reject} 18... cxd5 19. Rab1 $14) 19. Nd3 Qxc4 20. Rxc4 dxc4 21. Nf4 $1 Na6 22. Nh5 $36 {[%mdl 2048] [#] Qg5! is the strong threat. White has some pressure.} f6 (22... Kh8 $11 {remains equal.}) 23. Qe7 $16 {[%csl Gh5][%cal Re7g7][%mdl 1024] White has strong compensation.} Rf7 24. Qe8+ (24. Qd8+ $16 Rf8 25. Qe7) 24... Rf8 $14 25. Qe7 {[%csl Gh5][%cal Re7g7]} Rf7 26. Qe8+ Rf8 27. Qe7 {[%csl Gh5][%cal Re7g7]} f5 $2 {[%mdl 40960] Accuracy: White = 83%, Black = 64%. . An unexpected result.} (27... Rf7 $11 28. Qe8+) 1/2-1/2

[Event "SAIF POWERTEC 45th BAN Ch 2019"]
[Site "Dhaka"]
[Date "2019.11.06"]
[Round "5.7"]
[White "Mohammad, Javed"]
[Black "Manon, Reja Neer"]
[Result "0-1"]
[WhiteElo "2130"]
[BlackElo "1829"]
[Annotator "TA"]
[PlyCount "123"]
[EventDate "2019.11.02"]
[EventType "swiss"]
[EventCountry "BAN"]
[SourceTitle "playchess.com"]
[Source "ChessBase"]
[SourceQuality "1"]

{[%evp 9,123,18,22,-3,0,-6,0,-12,0,0,0,0,0,0,0,-13,15,-25,-13,-14,-17,-13,-13,-27,-3,-12,-3,0,-10,-79,-92,-72,13,19,12,-40,-32,-23,0,-6,0,-27,35,0,122,122,124,-54,-49,-47,-48,-47,-51,-51,-17,-17,-17,-17,-20,-129,-135,-259,-259,-250,-79,-79,-79,-79,-78,-83,-70,-148,-148,-148,-70,-148,-148,-140,-140,-157,-70,-70,-70,-703,-70,-70,-70,-70,-70,-70,-70,-697,-715,-706,-699,-492,-357,-649,0,-625,-492,-547,-274,-562,-556,-556,-547,-548,-504,-29952,-29948,-29982,-29983,-29983,-29984,-29983]} 1. e4 c6 2. d4 d5 3. e5 Bf5 4. Nf3 e6 5. Be2 Ne7 6. Nbd2 {B12: Caro-Kann: Advance Variation} (6. c3 h6 7. O-O Nd7 8. Nbd2 Qc7 9. Re1 Bg6 10. b3 Nc8 11. Nf1 Be7 12. Ng3 c5 13. Bd3 Bxd3 14. Qxd3 Ncb6 15. Nh5 g6 {0-1 (57) Dominguez Perez,L (2763)-Karjakin,S (2750) Saint Louis 2019}) 6... c5 7. O-O Nec6 8. c3 {The position is equal.} Be7 9. dxc5 $146 ({Predecessor:} 9. a3 a5 10. dxc5 Bxc5 11. Nb3 Be7 12. Nbd4 Bg6 13. Bf4 O-O {½-½ (54) Villalta Bustillo,I (2182)-Gomez Esteban,J (2477) Zornotza 2011}) 9... Bxc5 10. b4 Bb6 11. b5 Ne7 12. Ba3 Nd7 13. Nb3 O-O 14. c4 dxc4 15. Bxc4 Re8 16. h3 Rc8 17. Rc1 Ng6 18. Qe2 Nh4 {Hoping for ...Nxf3+.} 19. Nbd4 (19. Bd6 $11) 19... Bxd4 $1 $17 20. Nxd4 Bxh3 (20... Rxc4 $1 $17 21. Rxc4 Bd3 {[%mdl 64] Decoy} 22. Qxd3 Nxe5 {[%mdl 64] Double Attack}) 21. gxh3 $11 {Bd3 is the strong threat.} Nb6 22. Bxe6 (22. Nxe6 $1 $11 fxe6 23. Bb3) 22... Rxc1 $15 23. Bxc1 {aiming for Bxf7+.} Qxd4 24. Rd1 $132 {[%mdl 2048] White is fighting back} Qc3 25. Bg4 h6 (25... f5 $1 $11 26. Bb2 Qb4) 26. e6 (26. Bb2 $5 {[%cal Rb2c3]} Qc4 27. Bd4 $14) 26... fxe6 (26... f5 $11 {keeps the balance.} 27. Bb2 Qc4) 27. Bb2 $1 $16 Qc4 {[#]} 28. Qe5 $2 (28. Rd7 $1 $16 {[%cal Rd7g7][%mdl 512]} Nf5 (28... Nxd7 29. Qxc4) 29. Rxb7 Qxe2 30. Bxe2) 28... Qxg4+ $1 $15 {[%mdl 64] Remove Defender} 29. hxg4 {[%csl Gb2][%cal Re5g7]} Nf3+ {[%mdl 64] Double Attack} 30. Kg2 {[%csl Gb2][%cal Re5g7]} Nxe5 31. Bxe5 {[%mdl 4096] Endgame KRB-KRN} Kf7 32. a4 {[%cal Ba2a4,Ba4a5][%mdl 32]} Rc8 33. a5 Nd5 34. Bd4 (34. a6 $11 {remains equal.} b6 35. Kg3) 34... Rd8 $17 35. Rd2 {[#]} (35. Kf3 $17 Nf6 36. Rd2) 35... e5 $1 $19 {[%mdl 512]} 36. Bc3 (36. Bxe5 Ne3+) 36... Nf4+ $2 (36... Ke8 $19 37. Bxe5 Ne3+ $1 {[%mdl 576] Double Attack, Discovered Attack} 38. Kf3 Rxd2 39. Kxe3 Rd5 40. Bxg7 Rxb5) 37. Kf3 $17 Rxd2 38. Bxd2 {KB-KN} Nd5 39. Ke4 Ke6 40. f3 (40. Kd3 $1 $15) 40... Nf6+ $1 41. Kd3 Kd5 $1 42. Be3 (42. g5 $1 $15 hxg5 43. Be3) 42... a6 43. bxa6 bxa6 44. g5 hxg5 ({Black should play} 44... Ng8 $1 $17 {White must now prevent ...h5.} 45. Bd2 h5) 45. Bxg5 $15 Nd7 46. Kc3 $2 {[%mdl 8192] [#]} (46. Ke2 $15) 46... Nb8 $2 (46... Nc5 $1 $19 {And now ...e4 would win.} 47. Be3 Ne6) 47. Kd3 Nc6 48. Bd2 Nd4 49. Ke3 g6 50. f4 $2 {[%mdl 8192] [#]} (50. Bc3 $15) 50... e4 $1 $19 51. Bc3 Nf5+ 52. Ke2 Kc4 53. Be5 $2 (53. Bf6 Kc5 54. Bd8) 53... Kd5 54. Bc3 $1 Nd6 55. Be5 {[#]} Nc4 $1 56. Bc3 $2 (56. Bc7) 56... Ke6 57. Kf2 Kf5 58. Kg3 Ne3 59. Bd4 (59. Bb2 $19 Nd5 60. Bc1) 59... Nd5 {Black mates.} 60. Be5 g5 61. Bd6 gxf4+ 62. Kf2 {Accuracy: White = 25%, Black = 51%.} 0-1

[Event "SAIF POWERTEC 45th BAN Ch 2019"]
[Site "Dhaka"]
[Date "2019.11.06"]
[Round "5.8"]
[White "Ahmed, Sheikh Nasir"]
[Black "Md., Sharif Hossain"]
[Result "1-0"]
[WhiteElo "2185"]
[BlackElo "2148"]
[Annotator "TA"]
[PlyCount "83"]
[EventDate "2019.11.02"]
[EventType "swiss"]
[EventCountry "BAN"]
[SourceTitle "playchess.com"]
[Source "ChessBase"]
[SourceQuality "1"]

{[%evp 10,87,59,57,90,87,95,75,91,79,94,36,75,31,81,50,87,76,85,70,100,37,62,19,72,51,310,57,55,50,489,494,497,439,646,620,593,610,608,607,787,780,802,805,819,748,812,810,810,787,787,787,787,787,780,780,772,772,758,760,748,747,725,724,1208,1136,1762,1741,1709,1168,2234,1992,29969,29970,29972,29973,29975,29975,29976,29973]} 1. c4 c5 2. Nc3 Nc6 3. Nf3 g6 4. e3 Bg7 5. d4 Nf6 6. d5 Nb8 {A35: Symmetrical English: 2 Nc3 Nc6 3 Nf3} 7. e4 d6 8. Be2 O-O {White is better.} 9. O-O a6 10. Nd2 $146 (10. Bf4 $16) ({Predecessor:} 10. h3 b5 11. cxb5 axb5 12. Bxb5 Ba6 13. Qe2 Qb6 14. a4 Bxb5 15. Nxb5 {1-0 (30) Meier,G (2668)-Rudolf,S (2228) Dresden 2012}) 10... Ne8 11. f4 f5 12. Nf3 Bxc3 13. bxc3 fxe4 14. Ng5 Nf6 15. Rb1 (15. Qe1 $16) 15... Qa5 16. Qe1 b5 $1 17. f5 gxf5 $2 {[%mdl 8192] [#]} (17... Bxf5 $14 18. g4 Bc8) 18. Ne6 $2 (18. Nxh7 $1 $18 {[%mdl 512]} Nxh7 19. Bh6) 18... Bxe6 $1 $14 19. dxe6 {aiming for Bh6.} Ne8 $2 {[%mdl 8192]} ({Don't blunder} 19... Qxa2 $2 20. Bh6 $18) ({Black should play} 19... Kh8 $14) 20. Bh5 $18 {Hoping for Bh6.} Ng7 21. Bf7+ Rxf7 (21... Kh8 $142 22. Bh6 Nc6) 22. exf7+ Kxf7 23. Qxe4 Ra7 24. Bh6 Qxc3 25. Bxg7 Kxg7 26. Qxf5 {Threatening mate with Qg5+.} Qf6 27. Qg4+ Qg6 28. Qc8 {[%csl Gf1][%cal Rc8f8]} Nd7 29. Rbe1 Nf6 30. Re3 Qe8 31. Rg3+ Kf7 {[#]} 32. Rxf6+ $1 {[%mdl 512]} exf6 {[#]} 33. Rg7+ $1 {[%mdl 576] Deflection} Kxg7 34. Qxe8 bxc4 {[%mdl 4096] Endgame KQ-KR} 35. Qc6 Re7 36. Qxd6 Re5 37. Qxa6 c3 38. Qc4 Re1+ 39. Kf2 Rc1 40. a4 c2 41. Qxc5 {White mates.} h5 42. Qc7+ {Played: Qc5-c3} 1-0

[Event "SAIF POWERTEC 45th BAN Ch 2019"]
[Site "Dhaka"]
[Date "2019.11.06"]
[Round "5.9"]
[White "Saiful Islam, Chowdhury"]
[Black "Anata, Choudhury"]
[Result "1-0"]
[WhiteElo "2159"]
[BlackElo "2159"]
[Annotator "TA"]
[PlyCount "103"]
[EventDate "2019.11.02"]
[EventType "swiss"]
[EventCountry "BAN"]
[SourceTitle "playchess.com"]
[Source "ChessBase"]
[SourceQuality "1"]

{[%evp 12,103,5,0,16,0,6,0,8,0,-7,-7,-8,-1,0,-27,-13,-21,-18,-14,-18,-20,50,44,99,88,87,30,187,203,196,109,113,62,80,51,213,62,68,49,52,0,89,70,20,0,0,13,0,0,22,0,6,-8,0,0,0,-78,-68,-104,-12,-47,0,-20,0,0,0,0,0,0,0,0,0,0,0,-106,-112,-194,-143,-162,0,0,0,0,0,0,62,54,717,702,663,629,800,780]} 1. e4 c5 2. Nc3 Nc6 ({Predecessor:} 2... a6 3. a4 d6 4. g3 g6 5. Bg2 Bg7 6. Nge2 Nc6 7. d3 {0-1 (39) Aly,I (2129)-Hesham,A (2296) Cairo 2011}) 3. g3 g6 4. Bg2 Bg7 5. Nge2 d6 6. d3 Rb8 7. a4 a6 {B25: Closed Sicilian: 3 g3, lines without early Be3} 8. O-O $146 (8. Be3 Nf6 9. h3 b5 10. axb5 axb5 11. d4 Nd7 12. O-O O-O 13. dxc5 Nxc5 14. Nd4 Ne5 15. b3 {0-1 (34) Meinhardt,M (2403)-Ponomariov,R (2663) Germany 2019}) 8... b5 9. axb5 axb5 {The position is equal.} 10. h3 b4 11. Nd5 {[%cal Bc3d5,Bd5e3,Be3c4][%mdl 32]} e6 12. Ne3 $1 Nge7 13. f4 Nd4 14. Kh2 O-O 15. Nxd4 cxd4 16. Nc4 e5 (16... d5 $11 17. exd5 exd5) 17. g4 f5 (17... d5 $14 18. exd5 (18. Nxe5 Bb7 $16) 18... Nxd5) 18. gxf5 gxf5 19. Qh5 (19. fxe5 $16 dxe5 20. exf5) 19... Kh8 $2 (19... b3 $11 {and Black stays safe.}) 20. fxe5 $18 dxe5 21. Bh6 (21. Ra7 $18) 21... Qc7 $16 22. Bxg7+ (22. b3 $16) 22... Kxg7 $14 23. b3 Be6 $2 ({Black should play} 23... Rf6 $1 $14) 24. Kh1 $2 (24. Ra6 $18 Bxc4 25. bxc4) 24... Bxc4 25. bxc4 {[%cal Re4f5]} f4 26. Bf3 (26. Rg1 $14) 26... Rf6 (26... b3 $1 $11) 27. Rg1+ $16 Rg6 28. Rg5 Rxg5 29. Qxg5+ Ng6 $1 30. Rg1 b3 31. cxb3 Rxb3 32. Be2 Qd6 33. Qg4 Qf6 {With the idea ...f3!} 34. Ra1 {[#]} (34. h4 $11 {remains equal.} Kf7 35. Qd7+ Qe7 36. Qf5+ Ke8 37. Qc8+ Kf7 38. Qf5+ Qf6 39. Qd7+ Qe7 40. Qf5+) 34... Qh4 $1 $17 35. Qf3 Qe7 ({Better is} 35... Rb7 $17) 36. Rg1 Rb8 37. Qh5 Rf8 38. Bg4 Rf6 39. Bf5 Qa3 40. Qf3 Rb6 41. h4 Kh6 42. Qh3 Qe7 43. h5 (43. Rg5 $11 {keeps the balance.}) 43... Nh4 44. Bd7 (44. c5 $17 Rc6 45. Bxh7 Kxh7 46. Rg4) 44... f3 $19 45. c5 {[%cal Bc4c5,Bc5c6][%mdl 32]} Rb2 $2 (45... Rb3 $19 46. c6 Rc3) 46. Qe6+ $1 $11 Qxe6 47. Bxe6 {[#] And now c6 would win. KRB-KRN} Rc2 (47... f2 $5 48. Rf1 $8 Nf3 $11) 48. Bc4 {c6 is the strong threat.} f2 (48... Kxh5 $11 49. c6 Ng6) 49. Rf1 $1 $14 {Hoping for c6.} Rb2 $2 {[%mdl 8192]} ({Not} 49... Kxh5 $2 50. c6 $18) (49... Nf3 $14) 50. c6 $18 {Strongly threatening c7.White is clearly winning.} Rb6 51. Bd5 {Black must now prevent c7.} Rb8 52. Be6 {Accuracy: White = 41%, Black = 41%.} 1-0